000 00977nam a2200265Ia 4500
001 dia_2074
003 CHAP
005 20251021144706.0
008 220601s9999 xx 000 0 und d
040 _cCHAP
082 _a636.084 B73 [19--]
100 _aBrakensiek, I. L.
_915000
245 _aGuía autodidáctica para la alimentación de ganado y aves de corral / I. L. Brakensiek y Lloyd J. Phipps ; traducción Cayetano L. Bogado
260 _aArgentina : Hemisferio Sur
300 _axii, 163 p.
500 _aTítulo original: Self-study guide in animal science - feeding livestock and poultry
590 _aSF95 B73 [19--]
650 _a1. Nutrición animal - Exámenes, preguntas, etc.
650 _aAlimentación animal - Exámenes, preguntas, etc.
700 _aPhipps, Lloyd James, coaut.Ì
_9175772
901 _a636.084 B73 [19--]
902 _aM
905 _a523227[19--] ag x 8222223322spa16
942 _cLIBRO
_2ddc
999 _c209296
_d209296